书目信息 |
| 题名: |
园林植物遗传育种学
|
|
| 作者: | 杨晓红 主编 | |
| 分册: | ||
| 出版信息: | 北京 气象出版社 2004.12 |
|
| 页数: | 337页 | |
| 开本: | 24cm | |
| 丛书名: | ||
| 单 册: | ||
| 中图分类: | S680.32 | |
| 科图分类: | ||
| 主题词: | 园林植物--遗传育种 | |
| 电子资源: | ||
| ISBN: | 7-5029-3889-3 | |
| 000 | 00736nam0 2200217 450 | |
| 001 | 0110563638 | |
| 005 | 20050617163037.95 | |
| 010 | @a7-5029-3889-3@d40.00CNY | |
| 100 | @a20050321d2004 km y0chiy0120 ea | |
| 101 | 0 | @achi |
| 102 | @aCN@b110000 | |
| 105 | @aa z 000yy | |
| 200 | 1 | @a园林植物遗传育种学@Ayuan lin zhi wu yi chuan yu zhong xue@f杨晓红主编@Fyang xiao hong zhu bian |
| 210 | @a北京@c气象出版社@d2004.12 | |
| 215 | @a337页@c图@d24cm | |
| 330 | @a本书在原《园林植物育种学》的基础上,增加了遗传学知识内容,并对育种学部分根据学科的发展情况进行了一定研究。 | |
| 606 | 0 | @a园林植物@x遗传育种 |
| 690 | @aS680.32@v4 | |
| 701 | 0 | @a杨晓红@Ayang xiao hong@4主编 |
| 801 | 0 | @aCN@bQSSK@c20050617 |
| 905 | @a10447@dS680.32@eY302 | |
| 园林植物遗传育种学/杨晓红主编.-北京:气象出版社,2004.12 |
| 337页:图;24cm |
| ISBN 7-5029-3889-3:40.00CNY |
| 本书在原《园林植物育种学》的基础上,增加了遗传学知识内容,并对育种学部分根据学科的发展情况进行了一定研究。 |
| ● |
| 相关链接 |
|
|
|
正题名:园林植物遗传育种学
索取号:S680.32/Y302
 
预约/预借
| 序号 | 登录号 | 条形码 | 馆藏地/架位号 | 状态 | 备注 |
| 1 | 522827 | 205228270 | 自科库401/401自科库 68排1列5层/ [索取号:S680.32/Y302] | 在馆 | |
| 2 | 522828 | 205228289 | 自科库401/401自科库 68排1列5层/ [索取号:S680.32/Y302] | 在馆 | |
| 3 | 522829 | 205228298 | 自科库401/401自科库 68排1列5层/ [索取号:S680.32/Y302] | 在馆 |